000 00261nam a22001217a 4500
008 171107b xxu||||| |||| 00| 0 eng d
041 _aeng
080 _a330.722.6
100 _a62
101 _aKON
245 _aFINANCIAL ACCOUNTING
_cHOBBS
942 _2udc
_cBK
999 _c37962
_d37962